000 00468nam a2200133 a 4500
008 120416s1977 xx |||||||||||||| || u
050 _aHF 5549.5.G73 Rac
100 _aRackham, Neil
245 1 0 _aBehaviour analysis in training
260 _a
_bMcGraw-Hill
_c1977
300 _axiv, 327p.
350 _a0.00
995 _D0.00
_FCBU-MAIN LIBRARY (Kitwe)
_H1
_I0.00
_UAVAILABLE
_ZMain Library Open Access Collection
999 _c35705
_d35705